000 00429nam a2200157 i 4500
001 36998
003 ES-MaACL
005 20230906155501.0
007 t|
008 030219s1968 sp ||||1| spa d
100 1 _aBrugarola, Martín.
_932079
245 1 0 _aCrisis y esperanza de la Iglesia /
_cMartín Brugarola.
260 _aMadrid :
_bStudium,
_c[1968]
300 _a271 p. ;
_c20 cm.
852 _aES-MaACL
_jC-50276
_bR.68063
999 _c36998
_d36998